Visualizzazione normale
Vista MARC
- Pangrazzi Arnaldo
di Personal Name
Records bibliografici associati: 6
001 - CONTROL NUMBER
- control field: 57710
003 - CONTROL NUMBER IDENTIFIER
- control field:
005 - DATE AND TIME OF LATEST TRANSACTION
- control field: 20190327170236.0
008 - FIXED-LENGTH DATA ELEMENTS
- fixed length control field: 190327|| aca||aabn | a|a d
040 ## - CATALOGING SOURCE
- Original cataloging agency:
- Transcribing agency:
100 ## - HEADING--PERSONAL NAME
- Personal name: Pangrazzi Arnaldo
670 ## - SOURCE DATA FOUND
- Source citation: Work cat.: (): Pangrazzi Arnaldo, Non ci siamo mai detti addio. Sentimenti contrastanti, sensi di colpa: come accompagnare chi sopravvive a un suicida, 2016